|
|
|
|
| LEADER |
00819nam a22002532a 4500 |
| 001 |
001150553 |
| 003 |
CZ BrMZK |
| 005 |
20110916094825.0 |
| 007 |
ta |
| 008 |
110524s1980 xr er|||||||||||cze d |
| 015 |
|
|
|a cnb000395124
|
| 035 |
|
|
|a (OCoLC)40086056
|
| 040 |
|
|
|a ABA001
|b cze
|d ABA001
|d BOA001
|
| 080 |
9 |
|
|a 634.0.85(083.5)
|
| 100 |
1 |
|
|a Bozděch, Jiří
|7 jx20071121020
|4 aut
|
| 245 |
1 |
0 |
|a Krychlení surového dříví /
|c Jiří Bozděch (vedoucí autorského kolektivu), Jiří Bílek, Petr Rada
|
| 250 |
|
|
|a 1. vyd.
|
| 260 |
|
|
|a Praha :
|b Státní zemědělské nakladatelství,
|c 1980
|
| 300 |
|
|
|a 284 s. ;
|c 21 cm
|
| 500 |
|
|
|a 3000 výt.
|
| 910 |
|
|
|a BOA001
|b 2-0821.601
|
| 990 |
|
|
|a BK
|
| 991 |
|
|
|b 201105
|
| 996 |
6 |
|
|b 2619418495
|c 2-0821.601
|l MZK
|r Sklad / do 1 hodiny
|n 0
|w 001183466
|u 000010
|a 1
|e BOA001
|j MZK50
|s P
|